Lujipeka - Musiques de l'album Montagnes Russes - Statistiques

Statistiques générales
  • Ce quiz a été pris 232 fois
  • Le résultat moyen est 10 sur 16
Statistiques - réponses
Montagnes Russes % Correct
Poupée Russe
98%
Juno
76%
Pas à ma place
76%
0.6
75%
Putain d'époque
64%
Hollywood
62%
Avant de dormir
58%
Bordel
58%
L'autre univers
58%
Eclipse
57%
On ira
56%
2 âmes
52%
Plus jamais ça
52%
Le seum
51%
Mempapeur (Interlude)
47%
Oublier
44%
Aucun quiz correspondant
Distribution des résultats
% des personnes avec chaque résultat
Percentile par nombre de réponses
Votre historique - résultats
Vous n’avez pas pris ce quiz